| 000 | 00563nam a22001697a 4500 | ||
|---|---|---|---|
| 003 | NUST | ||
| 038 | _aNusrat Nadeem | ||
| 082 | _a200 | ||
| 100 |
_aAzam, Fiza _9125267 |
||
| 245 |
_aCollaborative Task Performance via Real-Time Interaction with Intelligent Virtual Agents/ _cFiza Azam, |
||
| 264 |
_aIslamabad; _bSEECS NUST; _c2024. |
||
| 300 |
_a92,p; _bill; _c30,cm. |
||
| 650 |
_aMS-Artificial Intelligence _9124951 |
||
| 700 |
_aSupervisor: Dr. Shahzad Rasool _9125268 |
||
| 856 | _u http://10.250.8.41:8080/xmlui/handle/123456789/45508 | ||
| 942 |
_2ddc _cSC |
||
| 999 |
_c611032 _d611032 |
||